Statistics for Kings and Queens of Sweden

Click here to take the quiz!

General Stats

  • This quiz has been taken 190 times
  • The average score is 13 of 23

Answer Stats

ReignHouseMonarch% Correct
1654-1660Palatinate-ZweibrückenCharles X Gustav
86%
1697-1718Palatinate-ZweibrückenCharles XII Gustav
86%
1523-1560VasaGustav I
86%
1660-1697Palatinate-ZweibrückenCharles XI
77%
1604-1611VasaCarl IX
68%
1809-1818Holstein-GottorpCarl VIII
68%
1859-1872BernadotteCarl XV
68%
1632-1654VasaChristina
60%
1818-1844BernadotteCarl XIV John
58%
1792-1809Holstein-GottorpGustav IV Adolf
57%
1568-1592VasaJohn III
57%
1973-BernadotteCarl XVI Gustaf
55%
1950-1973BernadotteGustaf VI Adolf
54%
1844-1859BernadotteOscar I
54%
1872-1907BernadotteOscar II
54%
1560-1568VasaEric XIV
50%
1771-1792Holstein-GottorpGustaf III
49%
1907-1950BernadotteGustaf V
49%
1592-1599VasaSigismund III
47%
1751-1771Holstein-GottorpAdolf Frederick
41%
1720-1751Palatinate-ZweibrückenFrederick I
41%
1611-1632VasaGustavus Adolphus
38%
1718-1720Palatinate-ZweibrückenUlrika Eleonora
22%

Score Distribution

Percentile by Number Answered

Percent of People with Each Score

Your Score History

You have not taken this quiz